INDRABIR SINGH;S TEXT BOOK OF HUMAN HISTOLOGY (Record no. 8328)

MARC details
000 -LEADER
fixed length control field 00370nam a22001577a 4500
003 - CONTROL NUMBER IDENTIFIER
control field SGT
082 ## - DEWEY DECIMAL CLASSIFICATION NUMBER
Classification number 611
Item number T14V
100 ## - MAIN ENTRY--PERSONAL NAME
Personal name VASUDEVA, NEELAM
245 ## - TITLE STATEMENT
Title INDRABIR SINGH;S TEXT BOOK OF HUMAN HISTOLOGY
250 ## - EDITION STATEMENT
Edition statement 7TH
260 ## - PUBLICATION, DISTRIBUTION, ETC. (IMPRINT)
Place of publication, distribution, etc AHUJA PUB
Name of publisher, distributor, etc HEALTH SCIENCE
Year of Publication 2014
300 ## - PAGE DESCRIPTION
No. of Pages 439
650 ## - SUBJECT ADDED ENTRY--TOPICAL TERM
Topical term or geographic name as entry element HUMAN HISTOLOGY
653 ## - KEYWORDS--INDEX TERM
Keyword term HUMAN,HISTOLOGY
942 ## - ADDED ENTRY ELEMENTS (KOHA)
Source of classification or shelving scheme Dewey Decimal Classification
Koha item type Books
942 ## - ADDED ENTRY ELEMENTS (KOHA)
-- 12
Holdings
Withdrawn status Lost status Source of classification or shelving scheme Damaged status Not for loan Collection code Home library Current library Shelving location Date acquired Vendor Name Cost, normal purchase price SGTU Bill Number Total Checkouts Full call number Accession No. (Barcode) Date last seen Date last borrowed Bill Date Koha item type
    Dewey Decimal Classification     AYURVEDA SGT FA-FP Library SGT FA-FP Library Text Book 05/03/2016 AHUJA 525.00 SGTU 6404 1 611 T14V FA3251 16/03/2017 16/03/2017 16/12/2015 Books
    Dewey Decimal Classification     AYURVEDA SGT FA-FP Library SGT FA-FP Library Text Book 05/03/2016 AHUJA 525.00 SGTU 6404 6 611 T14V FA3252 26/02/2026 19/02/2026 16/12/2015 Books
    Dewey Decimal Classification     AYURVEDA SGT FA-FP Library SGT FA-FP Library Text Book 05/03/2016 AHUJA 525.00 SGTU 6404 1 611 T14V FA3253 25/09/2021 09/07/2021 16/12/2015 Books
    Dewey Decimal Classification     AYURVEDA SGT FA-FP Library SGT FA-FP Library Text Book 05/03/2016 AHUJA 525.00 SGTU 6404 1 611 T14V FA3254 05/01/2024 18/12/2023 16/12/2015 Books
    Dewey Decimal Classification     AYURVEDA SGT FA-FP Library SGT FA-FP Library Text Book 05/03/2016 AHUJA 525.00 SGTU 6404 4 611 T14V FA3255 24/05/2025 24/05/2025 16/12/2015 Books
    Dewey Decimal Classification     AYURVEDA SGT FA-FP Library SGT FA-FP Library Text Book 05/03/2016 AHUJA 525.00 SGTU 6404 2 611 T14V FA3256 01/04/2024 20/03/2024 16/12/2015 Books
    Dewey Decimal Classification     AYURVEDA SGT FA-FP Library SGT FA-FP Library Text Book 05/03/2016 AHUJA 525.00 SGTU 6404   611 T14V FA3257 05/03/2016   16/12/2015 Books
    Dewey Decimal Classification     AYURVEDA SGT FA-FP Library SGT FA-FP Library Text Book 05/03/2016 AHUJA 525.00 SGTU 6404 1 611 T14V FA3258 26/10/2023 10/10/2023 16/12/2015 Books
    Dewey Decimal Classification     AYURVEDA SGT FA-FP Library SGT FA-FP Library Text Book 05/03/2016 AHUJA 525.00 SGTU 6404 5 611 T14V FA3259 01/04/2024 29/03/2024 16/12/2015 Books
    Dewey Decimal Classification     AYURVEDA SGT FA-FP Library SGT FA-FP Library Text Book 05/03/2016 AHUJA 525.00 SGTU 6404 4 611 T14V FA3260 21/05/2025 19/05/2025 16/12/2015 Books